Hiến pháp tân tiến = Modern constitutions
Sách trình bày ý nghĩa của hiến pháp, phân loại hiến pháp, nội dung hiến pháp, quyền lực hiến pháp, lực lượng chi phối hiến pháp.
Salvato in:
| Autore principale: | |
|---|---|
| Natura: | Libro |
| Lingua: | Undetermined |
| Pubblicazione: |
Sài Gòn
1967
|
| Soggetti: | |
| Tags: |
Aggiungi Tag
Nessun Tag, puoi essere il primo ad aggiungerne! !
|
| Thư viện lưu trữ: | Trung tâm Học liệu Trường Đại học Cần Thơ |
|---|
| LEADER | 00746nam a2200193Ia 4500 | ||
|---|---|---|---|
| 001 | CTU_204895 | ||
| 008 | 210402s9999 xx 000 0 und d | ||
| 082 | |a 342 | ||
| 082 | |b W556 | ||
| 100 | |a Wheare, K. C. | ||
| 245 | 0 | |a Hiến pháp tân tiến = | |
| 245 | 0 | |b Modern constitutions | |
| 245 | 0 | |c K. C. Wheare ; Nguyên Quang (dịch) | |
| 260 | |a Sài Gòn | ||
| 260 | |c 1967 | ||
| 520 | |a Sách trình bày ý nghĩa của hiến pháp, phân loại hiến pháp, nội dung hiến pháp, quyền lực hiến pháp, lực lượng chi phối hiến pháp. | ||
| 650 | |a Constitutional law,Luật hiến pháp | ||
| 904 | |i Hải | ||
| 980 | |a Trung tâm Học liệu Trường Đại học Cần Thơ | ||